Normal view
MARC view
- Thompson, John B.
Entry Personal Name
001 - CONTROL NUMBER
- control field: 41848
003 - CONTROL NUMBER IDENTIFIER
- control field: DLC
005 - DATE AND TIME OF LATEST TRANSACTION
- control field: 20181030135131.0
008 - FIXED-LENGTH DATA ELEMENTS
- fixed length control field: 801211n| acannaab| |a aaa |||
010 ## - LIBRARY OF CONGRESS CONTROL NUMBER
- LC control number: n 80159427
040 ## - CATALOGING SOURCE
- Original cataloging agency: DLC
- Transcribing agency: DLC
- Modifying agency: DLC
- Modifying agency: EG-ScBUE
100 1# - HEADING--PERSONAL NAME
- Personal name: Thompson, John B.
- Fuller form of name: (John Brookshire)
400 10 - SEE FROM TRACING--PERSONAL NAME
- Personal name: Thompson, John Brookshire
670 ## - SOURCE DATA FOUND
- Source citation: Ricoeur, P. Hermeneutics and the human sciences, c1981 (a.e.)
- Information found: CIP galley t.p. (John B. Thompson) CIP data sheet (Thompson, John Brookshire)